00349 a2200121 4500020002600000035001300026037004500039082000600084100002200090245004800112260004400160300002300204 a9780007119356c575.60 aB-211592 bRP-ZLS-2783 / UBH-07-08:6 / RP-07-08:ENG14aN1 aChristies, Agatha1 aAppointment with deathcby Agatha Christies aLondonbHarper Collins Publishersc2001 a303 pc18 cm (pbk)